Post Malone Songs - Statistics

General Stats
  • This quiz has been taken 9 times
    6 since last reset
  • The average score is 61 of 102
Answer Stats
Hint Answer % Correct
beerbongs & bentleys Better Now
100%
beerbongs & bentleys Candy Paint
100%
AUSTIN Chemical
100%
Twelve Carat Toothache Cooped Up
100%
Hollywood's Bleeding Die For Me
100%
Hollywood's Bleeding Enemies
100%
Hollywood's Bleeding Goodbyes
100%
Hollywood's Bleeding Hollywood's Bleeding
100%
F-1 Trillion I Had Some Help
100%
Hollywood's Bleeding I Know
100%
Twelve Carat Toothache I Like You (A Happier Song)
100%
Hollywood's Bleeding Internet
100%
Twelve Carat Toothache One Right Now
100%
Hollywood's Bleeding On The Road
100%
Hollywood's Bleeding Wow.
100%
beerbongs & bentleys 92 Explorer
75%
Hollywood's Bleeding Allergic
75%
Stoney Broken Whiskey Glass
75%
Hollywood's Bleeding Circles
75%
Stoney Congratulations
75%
AUSTIN Enough Is Enough
75%
Stoney Feel
75%
Stoney Feeling Whitney
75%
F-1 Trillion Guy For That
75%
F-1 Trillion Hide My Gun
75%
Twelve Carat Toothache I Cannot Be (A Sadder Song)
75%
Stoney I Fall Apart
75%
F-1 Trillion Losers
75%
AUSTIN Mourning
75%
Hollywood's Bleeding Myself
75%
beerbongs & bentleys Psycho
75%
beerbongs & bentleys rockstar
75%
Hollywood's Bleeding Saint-Tropez
75%
Hollywood's Bleeding Sunflower
75%
Hollywood's Bleeding Take What You Want
75%
Stoney Up There
75%
Twelve Carat Toothache Wasting Angels
75%
Twelve Carat Toothache When I'm Alone
75%
Stoney White Iverson
75%
Twelve Carat Toothache Wrapped Around Your Finger
75%
F-1 Trillion Wrong Ones
75%
Hollywood's Bleeding A Thousand Bad Times
50%
beerbongs & bentleys Ball For Me
50%
Stoney Big Lie
50%
AUSTIN Buyer Beware
50%
F-1 Trillion California Sober
50%
Stoney Cold
50%
Stoney Deja Vu
50%
F-1 Trillion Devil I've Been
50%
F-1 Trillion Finer Things
50%
Stoney Go Flex
50%
AUSTIN Green Thumb
50%
Stoney Hit This Hard
50%
Hollywood's Bleeding I'm Gonna Be
50%
Twelve Carat Toothache Insane
50%
beerbongs & bentleys Jonestown (Interlude)
50%
Stoney Leave
50%
Twelve Carat Toothache Lemon Tree
50%
Twelve Carat Toothache Love/Hate Letter to Alcohol
50%
F-1 Trillion M-E-X-I-C-O
50%
Stoney Money Made Me Do It
50%
Twelve Carat Toothache New Recording 12, Jan 3, 2020
50%
Stoney No Option
50%
F-1 Trillion Nosedive
50%
AUSTIN Novacandy
50%
beerbongs & bentleys Otherside
50%
AUSTIN Overdrive
50%
beerbongs & bentleys Paranoid
50%
Stoney Patient
50%
F-1 Trillion Pour Me A Drink
50%
F-1 Trillion Right About You
50%
beerbongs & bentleys Same Bitches
50%
AUSTIN Sign Me Up
50%
AUSTIN Something Real
50%
AUSTIN Speedometer
50%
beerbongs & bentleys Spoil My Night
50%
Hollywood's Bleeding Staring At The Sun
50%
beerbongs & bentleys Stay
50%
beerbongs & bentleys Sugar Wraith
50%
beerbongs & bentleys Takin' Shots
50%
AUSTIN Texas Tea
50%
AUSTIN Too Cool To Die
50%
Stoney Too Young
50%
F-1 Trillion What Don't Belong To Me
50%
F-1 Trillion Yours
50%
Stoney Yours Truly, Austin Post
50%
beerbongs & bentleys Zack and Codeine
50%
beerbongs & bentleys Blame It On Me
25%
AUSTIN Don't Understand
25%
Twelve Carat Toothache Euthanasia
25%
F-1 Trillion Goes Without Saying
25%
F-1 Trillion Have The Heart
25%
AUSTIN Hold My Breath
25%
AUSTIN Landmine
25%
AUSTIN Laugh It Off
25%
F-1 Trillion Missin' You Like This
25%
F-1 Trillion Never Love You Again
25%
beerbongs & bentleys Over Now
25%
Twelve Carat Toothache Reputation
25%
beerbongs & bentleys Rich & Sad
25%
AUSTIN Socialite
25%
Twelve Carat Toothache Waiting For A Miracle
25%
No matching quizzes found
Score Distribution
Percent of People with Each Score
Percentile by Number Answered
Your Score History
You have not taken this quiz since the last reset